| Tag |
First Indicator |
Second Indicator |
Subfields |
| LEADER |
00000cam a2200000 i 4500 |
| 001 |
in00004817954 |
| 008 |
050208s2005 nyua b 001 0 eng |
| 005 |
20240808225623.3 |
| 010 |
|
|
|a 2005040008
|
| 035 |
|
|
|a (OCoLC)ocm57652380
|
| 040 |
|
|
|a DLC
|b eng
|e rda
|c DLC
|d YDX
|d BUR
|d IXA
|d BAKER
|d VP@
|d BTCTA
|d YDXCP
|d GEBAY
|d W3W
|d OCLCO
|d OCLCF
|d OCLCO
|d OCLCQ
|d OCL
|d OKJ
|d LMR
|d OCL
|d I8M
|d OCLCO
|d SFR
|d OCLCQ
|d MWB
|d OCLCQ
|d OCLCO
|d OCLCQ
|d OCLCO
|d CCH
|d OCLCQ
|d OCLCO
|d TXEDP
|d OCLCA
|d OCLCQ
|d OCLCA
|d OCL
|d OCLCO
|d OCLCA
|d OCL
|d OCLCO
|d ALAND
|d OCLCO
|d OCLCQ
|d OCLCL
|d OCLCQ
|d OCLCL
|d OCLCA
|d OCLCQ
|
| 019 |
|
|
|a 1295686172
|a 1373241636
|
| 020 |
|
|
|a 0060565276
|
| 020 |
|
|
|a 9780060565275
|
| 029 |
1 |
|
|a AU@
|b 000026705309
|
| 029 |
1 |
|
|a GEBAY
|b 7641642
|
| 029 |
1 |
|
|a NZ1
|b 9146296
|
| 035 |
|
|
|a (OCoLC)57652380
|z (OCoLC)1295686172
|z (OCoLC)1373241636
|
| 042 |
|
|
|a pcc
|
| 043 |
|
|
|a e-fr---
|a n-us---
|
| 050 |
0 |
0 |
|a D756.5.N6
|b B748 2005
|
| 082 |
0 |
0 |
|a 940.54/2142
|2 22
|
| 049 |
|
|
|a MAIN
|
| 100 |
1 |
|
|a Brinkley, Douglas,
|e author
|
| 245 |
1 |
4 |
|a The boys of Pointe du Hoc :
|b Ronald Reagan, D-Day, and the U.S. Army 2nd Ranger Battalion /
|c Douglas Brinkley.
|
| 250 |
|
|
|a 1st ed.
|
| 264 |
|
1 |
|a New York :
|b W. Morrow,
|c [2005]
|
| 264 |
|
4 |
|c ©2005
|
| 300 |
|
|
|a 274 pages :
|b illustrations ;
|c 22 cm
|
| 336 |
|
|
|a text
|b txt
|2 rdacontent
|
| 337 |
|
|
|a unmediated
|b n
|2 rdamedia
|
| 338 |
|
|
|a volume
|b nc
|2 rdacarrier
|
| 504 |
|
|
|a Includes bibliographical references (pages 237-260) and index.
|
| 505 |
0 |
|
|a Introduction : Setting the stage -- Darby's Rangers -- Rudder's Rangers -- Climbing the cliffs, destroying the guns -- Reagan's Hollywood war -- Peggy Noonan prepares for Pointe du Hoc -- Reagan's Normandy Day -- After the speeches -- Epilogue -- Appendix -- Notes and sources -- Acknowledgments -- Index.
|
| 520 |
|
|
|a The heavy U.S. and British warships poised in the English Channel had eighteen targets on their bombardment list for D-Day morning. The 100-foot promontory known as Pointe du Hoc--where six big German guns were ensconced--was number one. General Omar Bradley called knocking out the Nazi defenses at the Pointe the toughest of any task assigned on June 6, 1944. Under the bulldoggish command of Colonel James E. Rudder of Texas, profiled here, these elite forces, "Rudder's Rangers," took control of the fortified cliff. The liberation of Europe was under way. Based upon recently released documents, the first in-depth, anecdotal remembrance of these fearless Army Rangers, is told in tandem with the making of Reagan's two uplifting 1984 speeches, considered by many to be among the best orations he ever gave.--From publisher description.
|
| 590 |
|
|
|b TAG Physical Holdings 2
|
| 610 |
1 |
0 |
|a United States.
|b Army.
|b Ranger Battalion, 2nd
|x History.
|
| 610 |
1 |
7 |
|a United States.
|b Army.
|b Ranger Battalion, 2nd.
|2 fast
|0 (OCoLC)fst01429154
|
| 650 |
|
0 |
|a World War, 1939-1945
|x Campaigns
|z France
|z Normandy
|x Anniversaries, etc.
|
| 650 |
|
0 |
|a World War, 1939-1945
|x Regimental histories
|z United States.
|
| 651 |
|
0 |
|a Normandy (France)
|x History
|x Anniversaries, etc.
|
| 650 |
|
6 |
|a Guerre mondiale, 1939-1945
|x Histoire des unités
|z États-Unis.
|
| 651 |
|
6 |
|a Normandie (France)
|x Histoire.
|
| 650 |
|
7 |
|a Anniversaries.
|2 fast
|0 (OCoLC)fst00809757
|
| 650 |
|
7 |
|a Military campaigns.
|2 fast
|0 (OCoLC)fst01710190
|
| 650 |
|
7 |
|a Regimental histories.
|2 fast
|0 (OCoLC)fst01354209
|
| 651 |
|
7 |
|a France
|z Normandy.
|2 fast
|0 (OCoLC)fst01210709
|
| 651 |
|
7 |
|a United States.
|2 fast
|0 (OCoLC)fst01204155
|1 https://id.oclc.org/worldcat/entity/E39PBJtxgQXMWqmjMjjwXRHgrq
|
| 650 |
|
7 |
|a Elitetruppe
|2 gnd
|
| 650 |
|
7 |
|a Weltkrieg
|g 1939-1945
|2 gnd
|
| 651 |
|
7 |
|a Pointe du Hoc
|2 gnd
|
| 651 |
|
7 |
|a USA
|2 gnd
|
| 647 |
|
7 |
|a World War
|d (1939-1945)
|2 fast
|0 (OCoLC)fst01180924
|1 https://id.oclc.org/worldcat/entity/E39Qhp4vBbhpRH9XvjbDFXtxhb
|
| 648 |
|
7 |
|a 1939-1945
|2 fast
|
| 655 |
|
7 |
|a History.
|2 fast
|0 (OCoLC)fst01411628
|
| 700 |
1 |
|
|a Reagan, Ronald.
|
| 856 |
4 |
2 |
|3 Contributor biographical information
|u http://catdir.loc.gov/catdir/enhancements/fy1308/2005040008-b.html
|t 0
|
| 938 |
|
|
|a Baker & Taylor
|b BKTY
|c 22.95
|d 17.21
|i 0060565276
|n 0006155780
|s active
|
| 938 |
|
|
|a Baker and Taylor
|b BTCP
|n 2005040008
|
| 938 |
|
|
|a YBP Library Services
|b YANK
|n 2153154
|
| 994 |
|
|
|a 92
|b TAG
|
| 852 |
|
|
|a TAG
|b TAGC
|c galv,sc
|h D756.5.N6 B748 2005
|t c.1
|
| 876 |
|
|
|c 22.95
|p 33620001174024
|x Includes copy of email correspondence.
|x Acc# 2008-0781; Gift: Capt. Karl P. Fanning
|u noncirc
|v unmediated -- volume
|
| 999 |
f |
f |
|s b5c04a5f-1b0c-4efc-87b7-bd22f0764953
|i 65c230b0-f158-4b3b-93c7-f84d0a318a8f
|t 0
|
| 952 |
f |
f |
|p normal
|a Texas A&M University
|b Galveston Campus
|c Jack K. Williams Library
|d Galveston Stacks
|t 0
|e D756.5.N6 B748 2005
|h Library of Congress classification
|i unmediated -- volume
|m 33620001136262
|
| 952 |
f |
f |
|p noncirc
|a Texas A&M University
|b Galveston Campus
|c Jack K. Williams Library
|d Galveston Special Collections
|t 0
|e D756.5.N6 B748 2005
|h Library of Congress classification
|i unmediated -- volume
|m 33620001174024
|
| 998 |
f |
f |
|a D756.5.N6 B748 2005
|t 0
|l Galveston Stacks
|
| 998 |
f |
f |
|a D756.5.N6 B748 2005
|t 0
|l Galveston Special Collections
|